[Event "Wch Seniors 65 29th"]
[Site "Bucharest"]
[Date "2019.11.20"]
[Round "8"]
[White "Zachariassen, John"]
[Black "Lotsov Har Zahav, Avraham"]
[Result "1/2-1/2"]
[WhiteElo "1931"]
[BlackElo "1729"]
[PlyCount "40"]
[EventDate "2019.11.12"]
[EventType "swiss"]
[EventRounds "11"]
[EventCountry "ROU"]
[SourceTitle "CBM 193 Extra"]
[Source "ChessBase"]
[SourceDate "2020.01.31"]
[SourceVersion "1"]
[SourceVersionDate "2020.01.31"]
[SourceQuality "1"]

1. c4 e5 2. Nc3 f5 3. g3 g6 4. Bg2 Bg7 5. d3 c6 6. Qb3 d6 7. Nf3 Ne7 8. h4 h6 9. e3 Nd7 10. Rb1 Qc7 11. Qc2 Nf6 12. Bd2 0-0 13. 0-0 Be6 14. b3 Ng4 15. Ne2 a5 16. Nh2 Nxh2 17. Kxh2 Rac8 18. Qc1 Kh7 19. Ng1 Ng8 20. Nf3 Nf6 1/2-1/2

[Event "Wch Seniors 65 29th"]
[Site "Bucharest"]
[Date "2019.11.19"]
[Round "7"]
[White "Lotsov Har Zahav, Avraham"]
[Black "Ciuro Munoz, Ricardo"]
[Result "0-1"]
[WhiteElo "1729"]
[BlackElo "1989"]
[PlyCount "106"]
[EventDate "2019.11.12"]
[EventType "swiss"]
[EventRounds "11"]
[EventCountry "ROU"]
[SourceTitle "CBM 193 Extra"]
[Source "ChessBase"]
[SourceDate "2020.01.31"]
[SourceVersion "1"]
[SourceVersionDate "2020.01.31"]
[SourceQuality "1"]

1. e4 e6 2. d4 d5 3. Nd2 dxe4 4. Nxe4 Bd7 5. Nf3 Bc6 6. Bd3 Nd7 7. 0-0 Ngf6 8. Nxf6+ Qxf6 9. c3 Bxf3 10. Qxf3 Qxf3 11. gxf3 Be7 12. Bf4 c6 13. b4 0-0 14. b5 cxb5 15. Bxb5 Nb6 16. Rab1 Rac8 17. Rfc1 Rfd8 18. a4 Ba3 19. Rc2 Rxd4 20. cxd4 Rxc2 21. a5 Nd5 22. Bb8 a6 23. Bd7 Rc1+ 24. Rxc1 Bxc1 25. Bc8 Bd2 26. Bxb7 Bxa5 27. Bxa6 Bb6 28. Be5 f6 29. Bd6 Bxd4 30. Bc4 Kf7 31. f4 g6 32. Kg2 Ke8 33. Kf3 Kd7 34. Ba3 Kc6 35. Bb3 Bc5 36. Bb2 f5 37. Be5 Bd6 38. Ba4+ Kc5 39. Bd7 Bxe5 40. fxe5 Nc7 41. Bc8 h6 42. Kg3 g5 43. f4 Kd4 44. h3 gxf4+ 45. Kxf4 Nd5+ 46. Kg3 Kxe5 47. Kh4 Kf6 48. Kh5 Nf4+ 49. Kh4 e5 50. Kg3 Ne6 51. Kf3 e4+ 52. Kg3 Ke5 53. Kh4 Ng5 0-1

[Event "Wch Seniors 65 29th"]
[Site "Bucharest"]
[Date "2019.11.14"]
[Round "3"]
[White "Lotsov Har Zahav, Avraham"]
[Black "Harestad, Thor Geir"]
[Result "1/2-1/2"]
[WhiteElo "1729"]
[BlackElo "2164"]
[PlyCount "72"]
[EventDate "2019.11.12"]
[EventType "swiss"]
[EventRounds "11"]
[EventCountry "ROU"]
[SourceTitle "CBM 193 Extra"]
[Source "ChessBase"]
[SourceDate "2020.01.31"]
[SourceVersion "1"]
[SourceVersionDate "2020.01.31"]
[SourceQuality "1"]

1. e4 d6 2. d4 Nf6 3. Nc3 g6 4. Bg5 Bg7 5. e5 Nfd7 6. exd6 cxd6 7. Qd2 h6 8. Be3 Nf6 9. Bb5+ Bd7 10. Bxd7+ Nbxd7 11. f3 Nb6 12. b3 Rc8 13. Nge2 Nbd5 14. Nxd5 Nxd5 15. Bf2 b5 16. Rc1 0-0 17. 0-0 b4 18. a3 a5 19. axb4 axb4 20. c4 bxc3 21. Nxc3 Qa5 22. Ne4 Qb5 23. Qa2 Nf4 24. Rxc8 Rxc8 25. Rd1 Rb8 26. Nc3 Qb4 27. Qd2 Qxc3 28. Qxf4 Qxb3 29. Re1 Rb7 30. Qe4 g5 31. Qg4 Qc2 32. h4 Rb2 33. Rf1 gxh4 34. Qxh4 Qg6 35. d5 Bf6 36. Qc4 Rd2 1/2-1/2

[Event "Wch Seniors 65 29th"]
[Site "Bucharest"]
[Date "2019.11.13"]
[Round "2"]
[White "Osiecki, Stanislaw"]
[Black "Lotsov Har Zahav, Avraham"]
[Result "1/2-1/2"]
[WhiteElo "2129"]
[BlackElo "1729"]
[PlyCount "93"]
[EventDate "2019.11.12"]
[EventType "swiss"]
[EventRounds "11"]
[EventCountry "ROU"]
[SourceTitle "CBM 193 Extra"]
[Source "ChessBase"]
[SourceDate "2020.01.31"]
[SourceVersion "1"]
[SourceVersionDate "2020.01.31"]
[SourceQuality "1"]

1. e4 c5 2. c3 d5 3. e5 Bf5 4. d4 e6 5. Bd3 Bxd3 6. Qxd3 cxd4 7. cxd4 Bb4+ 8. Nc3 Nc6 9. Nge2 Nge7 10. 0-0 a6 11. Rd1 Rc8 12. Be3 Nf5 13. Rac1 Nxe3 14. Qxe3 0-0 15. Nf4 Be7 16. Nce2 Bg5 17. Qg3 Bxf4 18. Qxf4 Qb6 19. b3 Nb4 20. a3 Na2 21. Rxc8 Rxc8 22. Rd3 Qa5 23. b4 Nxb4 24. Rf3 Rc7 25. h4 Nc6 26. Ng3 Qe1+ 27. Kh2 Qd1 28. Rc3 f6 29. Rc1 fxe5 30. dxe5 Qd3 31. h5 Rf7 32. Qg4 Qd2 33. Rb1 Qh6 34. Qh3 b5 35. Rb2 Nxe5 36. Re2 Qf4 37. Qxe6 Ng4+ 38. Kg1 Nxf2 39. Qxd5 Qc1+ 40. Nf1 Ne4 41. Rxe4 Qxf1+ 42. Kh2 h6 43. Qa8+ Kh7 44. Qxa6 Qf5 45. Qg6+ Qxg6 46. hxg6+ Kxg6 47. Rb4 1/2-1/2

[Event "EU-ch Seniors 65 19th"]
[Site "Rhodes"]
[Date "2019.04.12"]
[Round "7"]
[White "Lotsov Har Zahav, Avraham"]
[Black "Ruckschloss, Karol"]
[Result "0-1"]
[WhiteElo "1781"]
[BlackElo "2222"]
[PlyCount "96"]
[EventDate "2019.04.06"]
[EventType "swiss"]
[EventRounds "9"]
[EventCountry "GRE"]
[SourceTitle "CBM 189 Extra"]
[Source "ChessBase"]
[SourceDate "2019.06.03"]
[SourceVersion "1"]
[SourceVersionDate "2019.06.03"]
[SourceQuality "1"]

1. e4 d6 2. d4 Nf6 3. Nc3 g6 4. Bg5 Bg7 5. e5 Nfd7 6. exd6 cxd6 7. Qd2 Nc6 8. Nf3 h6 9. Be3 Nf6 10. h3 a6 11. a4 Bf5 12. Bd3 Bxd3 13. Qxd3 0-0 14. 0-0 Rc8 15. Na2 Qc7 16. c3 e5 17. dxe5 dxe5 18. Qe2 Na5 19. Nd2 Nd5 20. Rfe1 Rfd8 21. Nb4 Ne7 22. f3 Nf5 23. Bf2 h5 24. Rad1 Nc6 25. Nxc6 Qxc6 26. Qe4 Qe6 27. Nf1 Qb3 28. Rxd8+ Rxd8 29. Rb1 Nd6 30. Qh4 Rd7 31. Ne3 Bf8 32. Qf6 e4 33. Qd4 exf3 34. Nd5 Bg7 35. Nf6+ Kh8 36. Qf4 Rd8 37. Qxf3 Nf5 38. Nxh5 Qc2 39. Rf1 gxh5 40. Qxh5+ Kg8 41. Bh4 Nxh4 42. Qxf7+ Kh8 43. Qh5+ Qh7 44. Qxh7+ Kxh7 45. Rf7 Rd1+ 46. Kf2 Rd2+ 47. Kg3 Rxg2+ 48. Kxh4 Kg6 0-1

[Event "EU-ch Seniors 65 19th"]
[Site "Rhodes"]
[Date "2019.04.11"]
[Round "6"]
[White "Nielsen, Peter Damgaard"]
[Black "Lotsov Har Zahav, Avraham"]
[Result "0-1"]
[WhiteElo "1700"]
[BlackElo "1781"]
[PlyCount "104"]
[EventDate "2019.04.06"]
[EventType "swiss"]
[EventRounds "9"]
[EventCountry "GRE"]
[SourceTitle "CBM 189 Extra"]
[Source "ChessBase"]
[SourceDate "2019.06.03"]
[SourceVersion "1"]
[SourceVersionDate "2019.06.03"]
[SourceQuality "1"]

1. d4 f5 2. Bg5 c6 3. e3 Qb6 4. Bd3 g6 5. Ne2 d6 6. Nbc3 Be6 7. a4 Nd7 8. b4 Bg7 9. Rb1 Bf7 10. 0-0 Ngf6 11. Qd2 e5 12. Bxf6 Nxf6 13. a5 Qd8 14. e4 fxe4 15. Nxe4 Nxe4 16. Bxe4 exd4 17. Nxd4 0-0 18. Qd3 d5 19. Bf3 Qf6 20. c3 g5 21. Rbe1 Rae8 22. Re2 h5 23. h3 Bg6 24. Qd1 h4 25. Rfe1 Rxe2 26. Rxe2 Re8 27. Rxe8+ Bxe8 28. Qe2 Bd7 29. Bg4 Bxg4 30. Qxg4 Qe5 31. Qc8+ Kh7 32. Qxb7 Qe1+ 33. Kh2 Qxc3 34. Nxc6 d4 35. Qd7 d3 36. Qf5+ Kh6 37. f4 Qxc6 38. fxg5+ Kh5 39. Qh7+ Bh6 40. g4+ hxg3+ 41. Kxg3 Qd6+ 42. Kf3 Kxg5 43. Qe4 d2 44. Qe3+ Kf5 45. Qe4+ Kf6 46. Qh4+ Kg7 47. Qg4+ Kf7 48. Qh5+ Ke7 49. Qh4+ Kd7 50. Qg4+ Kc7 51. Qc4+ Qc6+ 52. Qxc6+ Kxc6 0-1

[Event "EU-ch Seniors 65 19th"]
[Site "Rhodes"]
[Date "2019.04.09"]
[Round "4"]
[White "Fischer, Johann3333"]
[Black "Lotsov Har Zahav, Avraham"]
[Result "0-1"]
[WhiteElo "1513"]
[BlackElo "1781"]
[PlyCount "75"]
[EventDate "2019.04.06"]
[EventType "swiss"]
[EventRounds "9"]
[EventCountry "GRE"]
[SourceTitle "CBM 189 Extra"]
[Source "ChessBase"]
[SourceDate "2019.06.03"]
[SourceVersion "1"]
[SourceVersionDate "2019.06.03"]
[SourceQuality "1"]

1. d4 f5 2. f4 Nf6 3. Nf3 g6 4. e3 c6 5. Bd3 b6 6. Nbd2 Ba6 7. Qe2 Bxd3 8. Qxd3 d5 9. c3 Nbd7 10. Ng5 Bh6 11. Ndf3 Ne4 12. h4 Nf8 13. Ne5 Bxg5 14. hxg5 Qc8 15. b3 a5 16. Ba3 a4 17. b4 b5 18. Qc2 Qe6 19. Rh3 Nd7 20. Nd3 Kf7 21. 0-0-0 h6 22. Rdh1 Kg7 23. gxh6+ Kh7 24. Kb1 Rhg8 25. Bc1 g5 26. fxg5 Rxg5 27. Nf4 Qd6 28. a3 e5 29. Nd3 Rag8 30. Rg1 Rg3 31. Rxg3 Rxg3 32. dxe5 Nxe5 33. Nf4 Nc4 34. Qd3 Qxf4 35. Qd4 Ned2+ 36. Kc2 Qxd4 37. exd4 Ne4 38. Bb2 0-1

[Event "Wch Seniors 65 28th"]
[Site "Bled"]
[Date "2018.11.23"]
[Round "6"]
[White "Lotsov Har Zahav, Avraham"]
[Black "Diaz Franco, Francisco Jorge"]
[Result "1/2-1/2"]
[WhiteElo "1700"]
[BlackElo "1960"]
[PlyCount "52"]
[EventDate "2018.11.18"]
[EventType "swiss"]
[EventRounds "11"]
[EventCountry "SLO"]
[SourceTitle "CBM 187 Extra"]
[Source "ChessBase"]
[SourceDate "2018.11.04"]
[SourceVersion "1"]
[SourceVersionDate "2018.11.04"]
[SourceQuality "1"]

1. e4 c6 2. d4 d5 3. Nc3 dxe4 4. Nxe4 Nf6 5. Nxf6+ exf6 6. Nf3 Bd6 7. Be2 0-0 8. 0-0 Re8 9. Re1 Nd7 10. c3 Nf8 11. Qc2 Ng6 12. g3 Bg4 13. Be3 f5 14. Qd2 Qc7 15. Kg2 f4 16. gxf4 Bxf4 17. Kh1 Bxe3 18. fxe3 Qe7 19. Bd1 Bf5 20. Bc2 Be4 21. Bxe4 Qxe4 22. Qg2 h6 23. Nd2 Qxg2+ 24. Kxg2 Re6 25. e4 Nf4+ 26. Kf3 g5 1/2-1/2

[Event "Wch Seniors 65 28th"]
[Site "Bled"]
[Date "2018.11.22"]
[Round "5"]
[White "Harding, Timothy David"]
[Black "Lotsov Har Zahav, Avraham"]
[Result "1-0"]
[WhiteElo "2027"]
[BlackElo "1700"]
[PlyCount "75"]
[EventDate "2018.11.18"]
[EventType "swiss"]
[EventRounds "11"]
[EventCountry "SLO"]
[SourceTitle "CBM 187 Extra"]
[Source "ChessBase"]
[SourceDate "2018.11.04"]
[SourceVersion "1"]
[SourceVersionDate "2018.11.04"]
[SourceQuality "1"]

1. Nf3 d5 2. c4 c6 3. d4 e6 4. e3 f5 5. Bd3 Nf6 6. 0-0 Bd6 7. b3 Qe7 8. Qc2 0-0 9. a4 Ne4 10. Ba3 Bxa3 11. Nxa3 Na6 12. Ne5 Nb4 13. Qc1 Nxd3 14. Nxd3 Rf6 15. f3 Nd6 16. Ra2 Bd7 17. Nb1 Raf8 18. Qa3 Rh6 19. Nc3 Be8 20. Re2 g5 21. Ne5 Qc7 22. g3 f4 23. gxf4 gxf4 24. Rg2+ Bg6 25. e4 dxe4 26. fxe4 Qd8 27. Nxg6 Rxg6 28. Rxg6+ hxg6 29. Qc5 f3 30. Rf2 Rf5 31. Qa3 Nxe4 32. Nxe4 Qxd4 33. Ng3 Re5 34. Qc1 Re2 35. Nxe2 fxe2 36. Qe1 Qg4+ 37. Kh1 Qe4+ 38. Rg2 1-0

[Event "Wch Seniors 65 28th"]
[Site "Bled"]
[Date "2018.11.21"]
[Round "4"]
[White "Lotsov Har Zahav, Avraham"]
[Black "Frick, Christoph"]
[Result "0-1"]
[WhiteElo "1700"]
[BlackElo "2186"]
[PlyCount "126"]
[EventDate "2018.11.18"]
[EventType "swiss"]
[EventRounds "11"]
[EventCountry "SLO"]
[SourceTitle "CBM 187 Extra"]
[Source "ChessBase"]
[SourceDate "2018.11.04"]
[SourceVersion "1"]
[SourceVersionDate "2018.11.04"]
[SourceQuality "1"]

1. e4 c6 2. d4 d5 3. Nc3 dxe4 4. Nxe4 Nf6 5. Nxf6+ exf6 6. Nf3 Bd6 7. Be2 0-0 8. 0-0 Nd7 9. c3 Re8 10. Be3 Nf8 11. Qc2 Ng6 12. g3 Bg4 13. Rfe1 Qa5 14. Nd2 Qh5 15. Bxg4 Qxg4 16. Qd1 Qh3 17. Qf3 f5 18. Qg2 Qxg2+ 19. Kxg2 f4 20. Nc4 Bc7 21. Bd2 b5 22. Na3 f5 23. Nc2 a5 24. a4 Kf7 25. axb5 cxb5 26. Kf3 fxg3 27. hxg3 Rad8 28. Na3 Rd5 29. Rxe8 Kxe8 30. Nc2 Ne5+ 31. Ke2 Nc4 32. Bc1 a4 33. Nb4 Rd7 34. Nd3 h6 35. Bf4 Bxf4 36. gxf4 Re7+ 37. Kf3 Nd2+ 38. Kg2 Re4 39. Rh1 Nc4 40. Rh5 Re2 41. Rxf5 Rd2 42. Rxb5 Rxd3 43. Rb4 Nd6 44. Rxa4 Rd2 45. Ra6 Ke7 46. Ra7+ Kf6 47. Ra6 Ke7 48. Ra7+ Kf8 49. Ra8+ Kf7 50. Ra7+ Kg8 51. Ra8+ Kh7 52. b4 Rc2 53. Rd8 Ne4 54. Kf3 Nf6 55. Rc8 Nd5 56. Ke4 Rxc3 57. Rc5 Nf6+ 58. Kf5 Rd3 59. d5 Rxd5+ 60. Rxd5 Nxd5 61. b5 Nb6 62. Ke5 h5 63. Kd6 h4 0-1

[Event "Herzliya op"]
[Site "Herzliya"]
[Date "2008.09.11"]
[Round "8"]
[White "Lotsov Har Zahav, Avraham"]
[Black "Ben Artzi, Ido"]
[Result "0-1"]
[WhiteElo "2067"]
[BlackElo "2103"]
[PlyCount "88"]
[EventDate "2008.09.02"]
[EventType "swiss"]
[EventRounds "9"]
[EventCountry "ISR"]
[SourceTitle "CBM 126 Extra"]
[Source "ChessBase"]
[SourceDate "2008.11.05"]
[SourceVersion "1"]
[SourceVersionDate "2008.11.05"]
[SourceQuality "1"]

1. e4 d6 2. d4 Nf6 3. Nc3 g6 4. Nf3 Bg7 5. Bb5+ c6 6. Be2 0-0 7. 0-0 Nbd7 8. h3 e5 9. dxe5 Nxe5 10. Be3 Qc7 11. Nd4 b5 12. f4 Nc4 13. Bxc4 bxc4 14. Qe2 Ba6 15. Nf3 Rfe8 16. Nd2 Nxe4 17. Ndxe4 Qe7 18. Rae1 d5 19. Bc5 Qd8 20. Qf2 dxe4 21. f5 Re5 22. Rd1 Qa5 23. f6 Qxc5 24. Qxc5 Rxc5 25. fxg7 f5 26. Rd7 Re5 27. Rfd1 Bc8 28. Rc7 Re8 29. h4 Be6 30. h5 gxh5 31. Ne2 Rad8 32. Rf1 Rd7 33. Rxc6 Rxg7 34. Nf4 Bf7 35. Rc5 e3 36. Rxf5 Bg6 37. Rc5 Bxc2 38. Nxh5 Rf7 39. Re1 Bd3 40. Rg5+ Kf8 41. Rg3 Re5 42. Rh3 e2 43. Ng3 Re3 44. Kh2 Rf1 0-1

[Event "Herzliya op"]
[Site "Herzliya"]
[Date "2008.09.10"]
[Round "7"]
[White "Porat, Daniel"]
[Black "Lotsov Har Zahav, Avraham"]
[Result "0-1"]
[WhiteElo "2233"]
[BlackElo "2067"]
[PlyCount "106"]
[EventDate "2008.09.02"]
[EventType "swiss"]
[EventRounds "9"]
[EventCountry "ISR"]
[SourceTitle "CBM 126 Extra"]
[Source "ChessBase"]
[SourceDate "2008.11.05"]
[SourceVersion "1"]
[SourceVersionDate "2008.11.05"]
[SourceQuality "1"]

1. e4 c5 2. Nf3 Nc6 3. Nc3 e5 4. Bc4 Be7 5. d3 Nf6 6. Nd2 a6 7. a3 d6 8. Nf1 b5 9. Ba2 Be6 10. Ne3 Bxa2 11. Rxa2 Nd4 12. 0-0 0-0 13. Ne2 d5 14. f3 g6 15. exd5 Nxd5 16. Ng4 Nf6 17. Nh6+ Kg7 18. f4 e4 19. dxe4 Kxh6 20. e5 Kg7 21. Nxd4 cxd4 22. exf6+ Bxf6 23. Qd3 Qd5 24. b3 Rac8 25. Bd2 Qf5 26. h3 Rc6 27. g4 Qxd3 28. cxd3 Rfc8 29. Rb1 Be7 30. Rbb2 f5 31. a4 fxg4 32. axb5 axb5 33. hxg4 h5 34. g5 Bd6 35. Kg2 Rf8 36. Ra7+ Rf7 37. Rba2 Rxa7 38. Rxa7+ Rc7 39. Rxc7+ Bxc7 40. Kf3 Kf7 41. Be1 Ke6 42. Ke4 Bd6 43. Bf2 Bc5 44. Bg3 Bb6 45. Be1 Bc5 46. Ba5 h4 47. Kf3 Kf5 48. Bc7 Ba3 49. Be5 Bc1 50. Bxd4 Bxf4 51. Bb6 Bxg5 52. Bc7 Bf6 53. Bb6 g5 0-1

[Event "Herzliya op"]
[Site "Herzliya"]
[Date "2008.09.07"]
[Round "5"]
[White "Kinberg, Ofer"]
[Black "Lotsov Har Zahav, Avraham"]
[Result "1-0"]
[WhiteElo "2118"]
[BlackElo "2067"]
[PlyCount "101"]
[EventDate "2008.09.02"]
[EventType "swiss"]
[EventRounds "9"]
[EventCountry "ISR"]
[SourceTitle "CBM 126 Extra"]
[Source "ChessBase"]
[SourceDate "2008.11.05"]
[SourceVersion "1"]
[SourceVersionDate "2008.11.05"]
[SourceQuality "1"]

1. d4 Nf6 2. c4 c5 3. d5 b5 4. cxb5 a6 5. b6 Qxb6 6. Nc3 g6 7. e4 d6 8. Be2 Bg7 9. Nf3 Nbd7 10. 0-0 0-0 11. Nd2 Ne5 12. h3 g5 13. Kh2 Qc7 14. a4 g4 15. hxg4 Nfxg4+ 16. Bxg4 Nxg4+ 17. Kg1 f5 18. Nc4 f4 19. a5 Qd8 20. Ne2 f3 21. gxf3 Rxf3 22. Nf4 Rxf2 23. Rxf2 Bd4 24. Nh3 Qe8 25. Qf3 Nxf2 26. Nxf2 Qg6+ 27. Qg2 Bxf2+ 28. Kxf2 Bg4 29. Kg1 Rf8 30. Ra3 h5 31. Rg3 Qf6 32. Be3 Kh7 33. e5 Qf5 34. exd6 exd6 35. Nxd6 Qb1+ 36. Kh2 Rb8 37. Qe4+ Qxe4 38. Nxe4 Rxb2+ 39. Rg2 Rb1 40. Nf6+ Kg6 41. Nxg4 hxg4 42. Rxg4+ Kf5 43. Rg5+ Ke4 44. Bxc5 Kf4 45. Rg2 Rb5 46. Rc2 Ke5 47. d6 Ke6 48. Re2+ Kd7 49. Re7+ Kc6 50. Rc7+ Kd5 51. d7 1-0

[Event "EU-ch Seniors 08th"]
[Site "Davos"]
[Date "2008.08.16"]
[Round "8"]
[White "Grabow, Pouelsten Holm"]
[Black "Lotsov Har Zahav, Avraham"]
[Result "0-1"]
[WhiteElo "2190"]
[BlackElo "2067"]
[PlyCount "85"]
[EventDate "2008.08.09"]
[EventType "swiss"]
[EventRounds "9"]
[EventCountry "SUI"]
[SourceTitle "CBM 126 Extra"]
[Source "ChessBase"]
[SourceDate "2008.11.05"]
[SourceVersion "1"]
[SourceVersionDate "2008.11.05"]
[SourceQuality "1"]

1. c4 e5 2. Nc3 d6 3. g3 g6 4. Bg2 Bg7 5. d3 Ne7 6. Nf3 0-0 7. Rb1 f5 8. Qc2 Nd7 9. b4 Nf6 10. Bg5 h6 11. Bxf6 Bxf6 12. Nd2 Kg7 13. b5 c6 14. bxc6 bxc6 15. 0-0 d5 16. cxd5 cxd5 17. Rfc1 Be6 18. Na4 Rc8 19. Nc5 Bf7 20. Rb7 Qa5 21. Ndb3 Qa3 22. d4 exd4 23. Qd2 Rc6 24. Rb5 d3 25. Ra5 Qb2 26. Qxd3 Nc8 27. Rd1 Re8 28. e3 Rd6 29. Nd4 Qb6 30. Rb5 Qc7 31. Rc1 Kg8 32. Rb7 Qa5 33. Nb5 Rdd8 34. Nd7 Bg7 35. Bxd5 Bxd5 36. Qxd5+ Kh8 37. Qf7 Re7 38. Qxg6 Qd2 39. Rcc7 Qd1+ 40. Kg2 Qd5+ 41. Kh3 f4 42. exf4 Kg8 43. Ne5 0-1

[Event "EU-ch Seniors 08th"]
[Site "Davos"]
[Date "2008.08.13"]
[Round "5"]
[White "Lotsov Har Zahav, Avraham"]
[Black "Niebling, Ferdinand"]
[Result "0-1"]
[WhiteElo "2067"]
[BlackElo "2197"]
[PlyCount "96"]
[EventDate "2008.08.09"]
[EventType "swiss"]
[EventRounds "9"]
[EventCountry "SUI"]
[SourceTitle "CBM 126 Extra"]
[Source "ChessBase"]
[SourceDate "2008.11.05"]
[SourceVersion "1"]
[SourceVersionDate "2008.11.05"]
[SourceQuality "1"]

1. e4 e6 2. d4 d5 3. Nd2 Nf6 4. e5 Nfd7 5. Bd3 c5 6. c3 Nc6 7. Ne2 cxd4 8. cxd4 f6 9. exf6 Nxf6 10. Nf3 Bd6 11. 0-0 0-0 12. a3 e5 13. dxe5 Nxe5 14. Nxe5 Bxe5 15. h3 Be6 16. f4 Bc7 17. b4 Bb6+ 18. Kh2 Ng4+ 19. Kg3 Nh6 20. Bb2 Nf5+ 21. Bxf5 Bxf5 22. Nd4 Bc7 23. Nxf5 Rxf5 24. Kg4 Qe8 25. h4 Qe6 26. Kg3 h5 27. Qd4 Qg6+ 28. Kh2 Qg4 29. g3 Bb6 30. Qd3 Rd8 31. Rae1 Rf7 32. Re5 d4 33. Rg5 Qe6 34. Rxh5 Re7 35. Re5 Qf6 36. Rfe1 Rxe5 37. Rxe5 Qf7 38. Re4 Qa2 39. Re2 Qd5 40. a4 a6 41. Qg6 Qf3 42. Rd2 Qe3 43. Rg2 Ba7 44. h5 Qe7 45. h6 Rd6 46. h7+ Kh8 47. Qd3 Rh6+ 48. Kg1 Qe1+ 0-1

[Event "EU-ch Seniors 08th"]
[Site "Davos"]
[Date "2008.08.12"]
[Round "4"]
[White "Nielsen, Jorgen Grotum"]
[Black "Lotsov Har Zahav, Avraham"]
[Result "0-1"]
[WhiteElo "2184"]
[BlackElo "2067"]
[PlyCount "88"]
[EventDate "2008.08.09"]
[EventType "swiss"]
[EventRounds "9"]
[EventCountry "SUI"]
[SourceTitle "CBM 126 Extra"]
[Source "ChessBase"]
[SourceDate "2008.11.05"]
[SourceVersion "1"]
[SourceVersionDate "2008.11.05"]
[SourceQuality "1"]

1. d4 Nf6 2. c4 c5 3. Nf3 cxd4 4. Nxd4 g6 5. Nc3 Bg7 6. e4 d6 7. Be2 0-0 8. 0-0 Na6 9. Be3 Nc5 10. f3 a5 11. b3 Bd7 12. Qd2 Rc8 13. Rac1 h5 14. Rfd1 Kh7 15. Bf1 Ng8 16. g3 Bh6 17. f4 Nf6 18. Qc2 Ng4 19. Bf2 e5 20. Nde2 Nxf2 21. Kxf2 exf4 22. Nxf4 Bxf4 23. gxf4 Qh4+ 24. Kg1 Qxf4 25. Qd2 Qg4+ 26. Bg2 Bc6 27. h3 Qg3 28. Qxd6 Qe3+ 29. Kh2 Rcd8 30. Qg3 Qxg3+ 31. Kxg3 Rde8 32. Rd4 g5 33. h4 gxh4+ 34. Kxh4 f5 35. Kxh5 Ne6 36. Rd2 Nf4+ 37. Kg5 fxe4 38. Rh1+ Kg7 39. Bxe4 Re5+ 40. Kg4 Bxe4 41. Rd7+ Kg6 42. Nxe4 Rxe4 43. Rxb7 Ne2+ 44. Kh3 Re3+ 0-1

[Event "EU-ch Seniors 06th"]
[Site "Davos"]
[Date "2006.08.06"]
[Round "2"]
[White "Svenske, Jan"]
[Black "Lotsov Har Zahav, Avraham"]
[Result "0-1"]
[WhiteElo "1742"]
[BlackElo "2035"]
[PlyCount "64"]
[EventDate "2006.08.05"]
[EventType "swiss"]
[EventRounds "9"]
[EventCountry "SUI"]
[SourceTitle "CBM 113 Extra"]
[Source "ChessBase"]
[SourceDate "2006.09.14"]
[SourceVersion "1"]
[SourceVersionDate "2006.09.14"]
[SourceQuality "1"]

1. c4 e5 2. Nc3 d6 3. g3 f5 4. Bg2 g6 5. b4 Bg7 6. Rb1 Ne7 7. Qb3 Nbc6 8. e3 Be6 9. Nd5 Bxd5 10. cxd5 Nb8 11. Nf3 h6 12. Bb2 0-0 13. Nxe5 dxe5 14. d6+ Kh7 15. dxe7 Qxe7 16. Bxb7 Nd7 17. Bxa8 Rxa8 18. 0-0 Rb8 19. Qa4 Nf8 20. Qxa7 Qd8 21. Rfc1 Ne6 22. Rc6 Ra8 23. Qb7 Rb8 24. Qa6 Ng5 25. h4 Nf3+ 26. Kg2 Qd5 27. Kh3 g5 28. hxg5 Nxg5+ 29. Kh2 Qf3 30. Rf1 Rxb4 31. d4 e4 32. Rc2 Qh5+ 0-1

[Event "EU-ch Seniors 05th"]
[Site "Bad Homburg"]
[Date "2005.??.??"]
[Round "6"]
[White "Zunker, Reinhard"]
[Black "Lotsov Har Zahav, Avraham"]
[Result "1-0"]
[WhiteElo "2228"]
[BlackElo "2038"]
[PlyCount "55"]
[EventDate "2005.06.25"]
[EventType "swiss"]
[EventRounds "9"]
[EventCountry "GER"]
[SourceTitle "EXT 2006"]
[Source "ChessBase"]
[SourceDate "2005.11.24"]
[SourceVersion "1"]
[SourceVersionDate "2005.11.24"]
[SourceQuality "1"]

1. e4 c5 2. Nf3 g6 3. Nc3 Bg7 4. a3 Nc6 5. Bb5 Nd4 6. Bc4 e6 7. 0-0 Ne7 8. Re1 Nec6 9. d3 0-0 10. Nxd4 Nxd4 11. e5 d5 12. exd6 Qxd6 13. Ne4 Qc7 14. c3 Nf5 15. Qf3 Kh8 16. g4 Nd6 17. Qg3 e5 18. Bh6 Nxc4 19. Bxg7+ Kxg7 20. dxc4 Bxg4 21. Qxg4 f5 22. Ng5 Rf6 23. Qg3 h6 24. Nf3 f4 25. Qh3 Rf5 26. Rad1 Re8 27. Rd5 Qc8 28. Rexe5 1-0

[Event "Bad Woerishofen op 19th"]
[Site "Bad Woerishofen"]
[Date "2003.03.20"]
[Round "8"]
[White "Poettinger, Harald"]
[Black "Lotsov Har Zahav, Avraham"]
[Result "1-0"]
[WhiteElo "2222"]
[BlackElo "2039"]
[PlyCount "59"]
[EventDate "2003.03.13"]
[EventType "swiss"]
[EventRounds "9"]
[EventCountry "GER"]
[SourceTitle "CBM 093 Extra"]
[Source "ChessBase"]
[SourceDate "2003.05.09"]
[SourceVersion "1"]
[SourceVersionDate "2003.05.09"]
[SourceQuality "1"]

1. d4 d5 2. Nf3 Nf6 3. c4 dxc4 4. e3 e6 5. Bxc4 a6 6. a4 c5 7. 0-0 Nc6 8. Qe2 b6 9. Nc3 Bb7 10. Rd1 Qc7 11. d5 exd5 12. Bxd5 Be7 13. e4 0-0 14. e5 Ne8 15. Qe4 Rd8 16. Ng5 g6 17. Qh4 h5 18. Qe4 Kg7 19. Bf4 Qc8 20. Rd2 Qf5 21. Qxf5 gxf5 22. e6 Bd6 23. Bxd6 Rxd6 24. Nxf7 Rxf7 25. exf7 Nf6 26. Rad1 Nxd5 27. Rxd5 Rg6 28. Rxf5 Kf8 29. Rxh5 Nd4 30. Rh8+ 1-0

[Event "Bad Woerishofen op 19th"]
[Site "Bad Woerishofen"]
[Date "2003.03.17"]
[Round "5"]
[White "Lotsov Har Zahav, Avraham"]
[Black "Hillenbrand, Alexander"]
[Result "1-0"]
[WhiteElo "2039"]
[BlackElo "2155"]
[PlyCount "81"]
[EventDate "2003.03.13"]
[EventType "swiss"]
[EventRounds "9"]
[EventCountry "GER"]
[SourceTitle "CBM 093 Extra"]
[Source "ChessBase"]
[SourceDate "2003.05.09"]
[SourceVersion "1"]
[SourceVersionDate "2003.05.09"]
[SourceQuality "1"]

1. e4 c5 2. Nf3 e6 3. d4 cxd4 4. Nxd4 a6 5. c4 Qc7 6. Nc3 Nf6 7. Bd3 d6 8. 0-0 Nbd7 9. b3 Be7 10. Bb2 b6 11. Kh1 0-0 12. f4 Rd8 13. Qf3 Bb7 14. Qh3 Nf8 15. Rae1 Ng6 16. f5 exf5 17. Nxf5 Ne5 18. Nd5 Bxd5 19. exd5 Bf8 20. Qg3 Nh5 21. Qh3 Nf6 22. Bb1 Ng6 23. Nxg7 Bxg7 24. Bxf6 Re8 25. Bxg7 Kxg7 26. Qf5 Rxe1 27. Qf6+ Kg8 28. Rxe1 Qd8 29. Qxd8+ Rxd8 30. Bxg6 hxg6 31. Kg1 b5 32. Kf2 bxc4 33. bxc4 Rc8 34. Rc1 Rc5 35. Ke3 Ra5 36. Rc2 Kf8 37. Kd4 Ke7 38. Kc3 Rc5 39. Rb2 Ra5 40. Rb7+ Kf6 41. Kb3 1-0